Loading...
Science - Other Science | 0 | 2 | 0 | 0 | 20 | 53 | 60.50 | 0 | 2 |
Fine Arts - Other Fine Arts | 0 | 2 | 1 | 2 | 15 | 107 | 115.00 | 0 | 0 |
Literature - World Literature | 0 | 2 | 1 | 0 | 15 | 83 | 101.00 | 0 | 0 |
Literature - American Literature | 0 | 1 | 0 | 1 | 10 | 116 | 116.00 | 0 | 0 |
Pop Culture | 0 | 1 | 0 | 0 | 10 | 64 | 64.00 | 0 | 0 |
Mythology | 0 | 1 | 0 | 1 | 10 | 115 | 115.00 | 0 | 0 |
Religion | 0 | 1 | 0 | 0 | 10 | 55 | 55.00 | 0 | 1 |
Science - Chemistry | 0 | 1 | 0 | 0 | 10 | 72 | 72.00 | 0 | 0 |
Current Events | 0 | 1 | 2 | 1 | 0 | 101 | 101.00 | 0 | 0 |
History - American History | 0 | 1 | 2 | 1 | 0 | 95 | 95.00 | 0 | 1 |
History - World History | 0 | 0 | 1 | 0 | -5 | 0.00 | 0 | 0 | |
Geography | 0 | 0 | 1 | 0 | -5 | 0.00 | 0 | 0 | |
Science - Physics | 0 | 0 | 1 | 0 | -5 | 0.00 | 0 | 0 |